000 01748nam a2200373 a 4500
003 BLK
005 20230719122743.0
008 180409b bul|||||r ||||||| ||bul||
010 _aKNG00136483000
040 _aBLK
041 _aBUL
_cBUL
072 7 _2bullib
_aК
_xКраезнание
080 _aЗанаятчийски и индустриални камари. Търговски палати
_b334.788.2
_x(497.215)
_z334.788.2(497.215)
110 1 _aТърговско-индустриална камара. Русе
_9315118
139 _aТърговско-индустриална камара. Русе
_bТ 96
245 1 0 _aОтчет за дейността на камарата през 1920 г.
257 _aBGR
260 _bТърг.-индустр. камара
_c1921
_aРусе
300 _a35 с.
_bс табл.
_c23 см
380 _a3
650 4 _aКамари, търговско-индустриални
_9280620
650 4 _aОтчетност
_9165382
651 4 _aБългария
_9241624
651 4 _aРусе
_9179462
653 _aтърговско-индустриални камари
653 _aгодишни отчети
659 _aК
852 _aК 334/Т 96
_bК
856 _fОтчет за дейността на камарата през 1920 г.
_lreg users access
_qpdf
_uhttp://185.138.176.146:18082/cgi-bin/koha/opac-retrieve-file.pl?id=4d2b04f496c51bc2e301f267b5e9a7ef
_xebook
_zОтчет за дейността на камарата през 1920 г.
942 _cKNG
_n0
_s1
944 _aCR
_c26.11.2012
_lТеодора Пейчева-Дянкова
_k30556
944 _aED
_c06.08.2015
_lф / 26.11.2012
_kЛюдмила_Стоянова
999 _c130695
_d130695
999 _d130695